000 00386cam a22001337a 4500
008 180718b1958 xxu||||| |||| 00| 0 eng d
082 _aK3333 W41
100 _aWechsler, David
245 _aMeasurement and appraisal of adult intelligence
_cby David Wechsler
250 _a4th ed.
260 _aLondon
_bBailliere, Tindall & Cox
_c1958
300 _a297p.
650 _aAdult intelligence
999 _c432260
_d432260